000 00952nas a2200301 4500
001 BR2014004714
003 BR-BrBNA
005 20231205124323.0
007 ta
008 230509b bl.|||p| |||| 00| 00por d
040 _aBR-BrBNA
_bpor
_cBiblioteca Nacional de Agricultura
041 _a(Pt)
072 _aP33; N20
100 1 _aSouza, E.B. de
100 1 _aPatrocínio Filho, A.P.
100 1 _aPimenta, W.A.
100 1 _aNagahama, H. de J.
100 1 _aCortez, J.W.
245 1 _aResistência mecânica do solo à penetração em função da sua umidade e do tipo de penetrômetro
650 _aMECÂNICA DO SOLO
650 _aMECANIZAÇÃO AGRÍCOLA
650 _aFÍSICA DO SOLO
650 _aUMIDADE DO SOLO
650 _aMANEJO DO SOLO
773 0 _tEngenharia na Agricultura (Brazil)
_xISSN 1414-3984
_g(Jan-Feb 2014), v. 22(1) p. 67-76
_wBR2014004714
909 _a202311
_bLúcia
_c55
_dLúcia Elande
942 _2AGRIS
_n0
_cANA
999 _c238471
_d238471